|
|
|
|
| LEADER |
00000cas a2200000 a 4500 |
| 001 |
vtls001466000 |
| 003 |
SK-MaSNL |
| 005 |
20260228160709.0 |
| 008 |
040112d19921996xo r p 0 0b0slo |
| 035 |
|
|
|a SNK000421305
|
| 040 |
|
|
|a SNK
|b slo
|c SNK
|e AACR2
|
| 041 |
0 |
|
|a slo
|
| 044 |
|
|
|a xo
|c SK
|
| 072 |
|
7 |
|a 796
|x Šport. Hry. Telesné cvičenia
|2 konspekt
|
| 080 |
|
|
|a 796.015
|2 2011
|
| 080 |
|
|
|a 050
|2 2011
|
| 080 |
|
|
|a (051)-048.55
|2 2011
|
| 245 |
0 |
0 |
|a Hardbody
|b kulturistický dvojmesačník
|
| 246 |
1 |
3 |
|a Hard body
|
| 260 |
|
|
|a Vranov nad Topľou
|b HARDBODY
|c 1992-1996
|e (Prešov
|f Polygraf)
|
| 300 |
|
|
|a 5 zv.
|
| 310 |
|
|
|a 6x ročne
|
| 362 |
0 |
|
|a 1992-č. 1 (1996)
|z SKP
|
| 500 |
|
|
|a Podnázov sa mení: špecializovaný kulturistický dvojtýždenník so zameraním na kulturistický tréning a kulturistickú výživu
|
| 650 |
0 |
7 |
|a kulturistika
|2 SNKPH
|9 3254
|
| 655 |
|
7 |
|a špecializované časopisy
|2 SNKPH
|9 70509
|
| 910 |
|
|
|a snk
|
| 999 |
|
|
|c 3395
|d 5325
|
| 952 |
|
|
|0 0
|1 0
|4 0
|7 0
|a SNK
|b SNK
|d 2004-01-12
|i snkČSP 3449/94
|l 0
|o snkČSB 4414/1992
|p 17A0407141
|r 2005-01-02 00:00:00
|w 2026-02-21
|y PREZ
|
| 952 |
|
|
|0 0
|1 0
|4 0
|7 0
|a SNK
|b SNK
|d 2004-01-12
|i snkČSP 3451/94
|l 0
|o snkČSB 4414/1993
|p 17A0407120
|r 2005-01-02 00:00:00
|w 2026-02-21
|y PREZ
|
| 952 |
|
|
|0 0
|1 0
|4 0
|7 0
|a SNK
|b SNK
|d 2004-06-03
|i snkČSP 3450/94
|l 0
|o snkČSB 4414/1992 D1
|p 17A0430285
|r 2005-01-02 00:00:00
|w 2026-02-21
|y PREZ
|